00391nam a22001337a 4500003000900000005001700009008004100026040001300067100002400080245004600104260003700150300001800187500005200205IT-RoPau20220918181219.0140329b xxu||||| |||| 00| 0 eng d cIT-RoPau aFiglie di San Paolo aStato personale delle Figlie di San Paolo aRomabCasa Provinciale FSPc2001 a68 pp.c21 cm aProvincia Italia - Svizzera Ad uso manoscritto